| 000 | 01232cam a22002174a 4500 | ||
|---|---|---|---|
| 005 | 20250605164047.0 | ||
| 008 | 250528s ||||||||||||||||||||||||d | ||
| 035 | _a17146 | ||
| 020 | _a71005374 | ||
| 040 |
_aGR-AtMCL _bgre _dGR-AtMCL _eAACR2 |
||
| 245 | 1 | _aBasic Statistics for Business and Economics / Second Edition | |
| 250 | _a2nd | ||
| 260 |
_bMcgraw Hill Book Company, _c1987 |
||
| 300 | _a592 | ||
| 520 | _aPreface, The Use of Statistics in Business and Economics, Data Presentation, Descriptive Measures for Populations and Samples, Probability, Discrete Random Variables, The Normal Probability Distribution, Sampling Distributions and Confidence Intervals for the Population Mean, Other Confidence Intervals, Testing Hypotheses Concerning the Population Mean, Testing Other Hypotheses, Analysis of Variance, The Chi-Square Test, Statistical Decision Analysis, Regression and Correlation Analysis, Multiple Regression and Correlation, Time Series Analysis and Forecasting, Index Numbers, Nonparametric Statistical Methods, Appendix Tables, Solutions to Selected Exercises, Index. | ||
| 700 | 1 |
_aKazmier Leonard J _93293 |
|
| 700 | 1 |
_aPohl Norval F _93294 |
|
| 942 | _cBK | ||
| 999 |
_c2585 _d2585 |
||